|
|
|
|
| LEADER |
00000nab a2200000 a 4500 |
| 001 |
vtls009465253 |
| 003 |
SK-MaSNL |
| 005 |
20260304213335.0 |
| 008 |
150420c1972 xo |r|p|||||||000 b|slo |
| 015 |
|
|
|a SNBRA2009/01
|2 snkbucl
|
| 038 |
|
|
|a SNKBUCL
|
| 040 |
|
|
|a SNKBUCL
|b slo
|c SNKBUCL
|e AACR2
|
| 041 |
0 |
|
|a slo
|
| 044 |
|
|
|a xo
|c SK
|
| 080 |
|
|
|a 94(437.6)-051
|x "18/19"
|2 2001
|
| 080 |
|
|
|a 82:930.25
|2 2001
|
| 080 |
|
|
|a 930.253:82
|x (437.6)
|2 2001
|
| 080 |
|
|
|a 2-051
|2 2001
|
| 100 |
1 |
|
|a Eliáš, Michal,
|d 1934-2018
|4 aut
|9 13333
|
| 245 |
1 |
0 |
|a Písomný archív Dr. Samuela Štefana Osuského
|c Michal Eliáš
|
| 600 |
1 |
7 |
|a Osuský, Samuel Štefan,
|d 1888-1975
|2 snkbucl
|9 120523
|
| 610 |
2 |
7 |
|a Matica slovenská.
|b Literárny archív
|2 snkbucl
|9 157681
|
| 650 |
0 |
7 |
|a archívne fondy
|2 snkbucl
|9 1974
|
| 650 |
0 |
7 |
|a rukopisná pozostalosť
|2 snkbucl
|9 455445
|
| 655 |
|
7 |
|a prehľady
|2 snkbucl
|9 70194
|
| 773 |
0 |
|
|t Literárny archív 8/71
|d Martin : Matica slovenská, 1972
|g S. 298-299
|
| 852 |
|
|
|a SNK
|b KIS3GCP
|
| 958 |
|
|
|a LX
|
| 958 |
|
|
|a MS
|
| 958 |
|
|
|a SK
|
| 999 |
|
|
|c 3135405
|d 3137335
|